00369nam a2200133Ia 45000030006000000080041000060400015000471000028000622450066000902600044001563000006002005460012002060050017002180STCL150530s9999 xx 000 0 und d aSTCLcSTCL aKaup, M.;Rosenthal, D.J aMixing Race, Mixing Culture Inter American Literary Dialogues bUniversity of Texas Press; Austinc2002 a0 aEnglish20220125171358.0